La vita autentica /
Uloženo v:
| Hlavní autor: | |
|---|---|
| Médium: | Kniha |
| Jazyk: | italština |
| Vydáno: |
Milano :
Raffaello Cortina,
2009
|
| Edice: | I fili
|
| Témata: | |
| Tagy: |
Žádné tagy, Buďte první, kdo vytvoří štítek k tomuto záznamu!
|
MARC
| LEADER | 00000nam a22000007i 4500 | ||
|---|---|---|---|
| 001 | IT\ICCU\UMC\0987219 | ||
| 003 | ItRI | ||
| 005 | 20240910105439.0 | ||
| 008 | 150925s2009 it |||||| ||||| |||||c | ||
| 020 | |a 9788860302991 | ||
| 040 | |b ita |c CDM | ||
| 041 | 7 | |a ita |2 ISO-639-2 | |
| 082 | |a 128 |2 20 | ||
| 100 | 1 | |a Mancuso, Vito |0 IT\ICCU\LO1V\155143 |4 aut | |
| 240 | 1 | 3 | |a La vita autentica |9 Mancuso, Vito |
| 245 | 1 | 3 | |a La vita autentica / |c Vito Mancuso. |
| 260 | |a Milano : |b Raffaello Cortina, |c 2009 | ||
| 300 | |a 171 p. ; |c 21 cm | ||
| 650 | 7 | |a UOMO |x FILOSOFIA | |
| 830 | 2 | |a I fili |0 IT\ICCU\RAV\1472492 | |
| 942 | |2 ddc |c BK | ||
| 952 | |0 0 |1 0 |2 ddc |4 0 |6 128_000000000000000_MAN_VIT |7 1 |9 1925 |a RA |b RA |d 2024-09-10 |l 0 |o 128 MAN VIT |p 9523 |r 2024-09-10 10:55:06 |w 2024-09-10 |y BK |z Donazione di Pietro Brentini | ||
| 981 | 1 | |6 z01 |a i |b xxxe | |
| 982 | 1 | |6 z01 |a n | |
| 999 | |c 1704 |d 1704 | ||